000 00807nam a2200229Ia 4500
003 OSt
005 20220926021843.0
006 a|||||r|||| 00| 0
007 ta
008 220923b |||||||| |||| 00| 0 eng d
037 _cGeneral Book
040 _aRTL
_cRTL
_beng
041 _2eng
_aeng
082 _aX71:75.1N45.N79<--N78r, L8,6A
110 _aUNITED NATIONS, GENERAL ASSEMBLY ,. OFFICIAL RECORDS: THIRTY -SECOND SESSION
_9311658
245 0 _aPROGRAMME BUDGET FOR THE BIENNIUM 1978-1979
260 _aNew York
_bUnited Nations
_c1978
300 _avi,Various pagination
_ccm.
700 _aUNITED NATIONS, GENERAL ASSEMBLY ,. OFFICIAL RECORDS: THIRTY -SECOND SESSION
_9311659
942 _hX71:75.1N45.N79<--N78r, L8,6A
_cGB
_2CC
999 _c637819
_d637819